پر يم چند کے ا فسا نو ں ميں د لت مسا يل (Record no. 164212)

MARC details
000 -LEADER
fixed length control field 00758nam a22001937a 4500
005 - DATE AND TIME OF LATEST TRANSACTION
control field 20190514112532.0
010 ## - LCCN (DPL NO)
LC control number UR-10111
020 ## - INTERNATIONAL STANDARD BOOK NUMBER
Terms of availability 450.00
International Standard Book Number 9789388105767
035 ## - SYSTEM CONTROL NUMBER
System control number U-8666
037 ## - SOURCE OF ACQUISITION
Source of stock number/acquisition DBAD/PUB
082 ## - DEWEY DECIMAL CLASSIFICATION NUMBER
Classification number 820.0355
100 ## - MAIN ENTRY--PERSONAL NAME
Personal name محمد نو ر نبی آ ز ا د
245 ## - TITLE STATEMENT
Title پر يم چند کے ا فسا نو ں ميں د لت مسا يل
Statement of responsibility, etc محمد نو ر نبی آ ز ا د
246 ## - VARYING FORM OF TITLE
Remainder of title ‏Premchand ke Afsanon mein Dalit Masael (Urdu)
Title proper/short title by Dr.Mohd.Noor Nabi Azad
260 ## - PUBLICATION, DISTRIBUTION, ETC. (IMPRINT)
Place of publication, distribution, etc Delhi
Name of publisher, distributor, etc Educational Publishing House
Date of publication, distribution, etc 2018 ء
270 ## - ADDRESS
Address 3191،Vakil Street,Kucha Pandit,Lal Kuan,
City Delhi
Postal code 110006
Telephone number 23216162
Fax number 00911123211540
300 ## - PHYSICAL DESCRIPTION
Extent 288+3ص
Dimensions 22 Cm.(bk)
942 ## - ADDED ENTRY ELEMENTS (KOHA)
Source of classification or shelving scheme Dewey Decimal Classification
Item type Urdu Bks
Classification part 820.0355
Call number suffix م ح م
Holdings
Withdrawn status Lost status Not for loan Collection code Home library Current library Date acquired Source of acquisition Cost, normal purchase price Full call number Barcode Copy number Cost, replacement price Koha item type
    Not For Loan Non-fiction D.B.Act.Division D.B.Act.Division 14/05/2019 DBAD/PUB 450.00 820.0355 م ح م U-8666 1 450.00 Urdu Bks

© Delhi Public Library
Hit Counter
free hit counter